Normal view MARC view
  • Monclús Estella, Antonio,

Entry Nombre Personal

Number of records used in: 7

001 - NUMERO DE CONTROL

  • campo de control: 35644

003 - IDENTIFICADOR DE NUMERO DE CONTROL

  • campo de control: UPN

005 - FECHA Y HORA DE LA ÜLTIMA TRANSACCIÓN

  • campo de control: 20210219194505.0

008 - DATOS DE LONGITUD FIJA

  • campo de control de longitud fija: nabaccnnaabn|||||||||| b |nc|||||d

035 ## - NUMERO DE CONTROL

  • Número de control: UPN11000007751

040 ## - FUENTE DE CATALOGACIÓN

  • Lenguaje de catalogación: SPA
  • Agencia de transcripción: UPN

100 1# - ENCABEZAMIENTO - NOMBRE PERSONAL

  • Nombre personal: Monclús Estella, Antonio,
  • Fechas asociadas con el nombre: 1951-

400 1# - VEÁSE - NOMBRE DE PERSONA

  • Personal name: Moclús, Antonio,
  • Dates associated with a name: 1951-

670 ## - FUENTE EN LA QUE SE LOCALIZARON DATOS

  • Cita de la fuente: LC
  • Uniform Resource Identifier: http://www.anle.us/469/Antonio-Monclus-Estella.html

680 ## - NOTA PUBLICA DE ACCESO PÚBLICO

  • Frase explicativa de la referencia: Educador español

902 ## - CATALOGADOR

  • Catalogador: CAA/220814